| 000 | 00490nam a2200181Ia 4500 | ||
|---|---|---|---|
| 005 | 20250326140224.0 | ||
| 008 | 250326s9999 xx 000 0 und d | ||
| 037 | _aTextbook | ||
| 040 |
_aFMSL _beng _cFMSL |
||
| 041 |
_aeng _2eng |
||
| 084 |
_aX:513 N6 _qFMSL |
||
| 100 |
_aAaker D A _9317126 |
||
| 245 | 0 |
_aBuilding Strong Brands _cAaker D A |
|
| 260 |
_aNew York _bNew York, The Free Press _c1996 |
||
| 300 | _a380p | ||
| 942 |
_cTB _hX:513 N6 |
||
| 999 |
_c1284808 _d1284808 |
||